| 000 | 00672nam a2200205Ia 4500 | ||
|---|---|---|---|
| 005 | 20260121110310.0 | ||
| 008 | 008 260114s9999 xx 000 0 hin d | ||
| 020 | _a9788132355106 | ||
| 037 | _aEBOOK | ||
| 040 |
_aCRL _bhin _cCRL |
||
| 041 |
_ahin _2hin |
||
| 084 | _qCRL | ||
| 100 |
_aमनमोहन दूबे / Manmohan Dubey _9944463 |
||
| 245 | 0 | _aवैदिक संस्कार और परम्परा / Vedic Sanskar aur Parampara | |
| 260 |
_bभाषा प्रकाशन / Bhasha Prakashan _c2021 |
||
| 856 | _uhttps://bhashaprakashan.com/product-details/378647 | ||
| 942 | _cEBOOK | ||
| 999 |
_c1536127 _d1536127 |
||